000 01807nam0a2200433 4500
001 RU\NLR\bibl\270635
005 20250620132824.0
010 _a5-89191-031-4
_97000
021 _aRU
_b2002-4387
_9210
035 _a(NLR Aleph) 000266179
090 _a1555640
_c1555640
100 _a20020517d2002 |||y0rusy50 ca
101 0 _arus
_aeng
102 _aRU
105 _aa |||||||||
200 1 _aПрактикум по переводу с русского языка на английский
_dLearn to translate by translating
_fОлег Мешков (Россия), Мартин Лэмберт (Великобритания)
_gОтв. ред. В. Ф. Усов
_zeng
210 _aМ.
_cНВИ
_d2002
215 _a115, [1] с.
_cил.
_d29
300 _aТекст парал. на рус. и англ. яз
300 _aИзд. совмест. с: Тезаурус; ИЛБИ (Захарова)
510 1 _6z77790
_aLearn to translate by translating
_zeng
606 0 _aАнглийский язык
_jУчебные издания
_xПеревод
_92119670
_3RU\NLR\auth\661280124
610 0 _aПеревод - Теория и методика
610 0 _aРусский язык - Переводы на английский язык
675 _a811.161.1'25-111
_v3
_zrus
686 _a16.41
_2rugasnti
686 _a81.2Англ
_2rubbk
686 _aШ143.21-93рус3-77
700 1 _aМешков
_bО. Д.
_gОлег Давидович
_4070
701 1 _aЛэмберт
_bМ.
_gМартин
_4070
790 1 _6z77
_aMeškov
_bO. D.
_gOleg Davidovič
_4070
790 1 _6z77
_aLēmbert
_bM.
_gMartin
_4070
801 0 _aRU
_bRKP
_c20020517
_gPSBO
801 1 _aRU
_bRKP
_c20020517
801 2 _aRU
_bNLR
_c20051007
_grcr
942 _cBOOK
980 _aNB